| 000 | 00723nam a2200253 a 4500 | ||
|---|---|---|---|
| 001 | 10318 | ||
| 003 | BD-RjUL | ||
| 005 | 20211208234932.0 | ||
| 008 | 140123s1961 enk b 001 0 eng|d | ||
| 035 | _a(BD-RjUL)10366 | ||
| 040 |
_aVS:TXI _beng _dBD-RjUL _cBD-RjUL |
||
| 041 | _aeng | ||
| 082 | 0 | 4 |
_a547 _bGEO 1961 |
| 100 | 1 |
_aGerrard, William. _931876 |
|
| 245 | 1 | 4 |
_aThe organic chemistry of boron / _cW.Gerrard. |
| 260 |
_aLondon and New York : _bAcademic, _cc1961. |
||
| 300 |
_ax, 308 p. ; _c24 cm. |
||
| 500 | _aIncludes index. | ||
| 504 | _aAppendix p.233-251; Bibliography p.253-282. | ||
| 650 | 0 |
_aBoron. _931310 |
|
| 650 | 0 |
_aOrganoboron compounds _9215648 |
|
| 942 |
_2ddc _cBK |
||
| 999 |
_c10318 _d10318 |
||